000 00579nam a2200181Ia 4500
005 20260601193301.0
008 260601s9999||||xx |||||||||||||| ||und||
020 _a978-3-031-68438-8
_qebk
100 _aMiguel Mujica Mota
245 0 _aSimulation for a Sustainable Future
250 _a2024
260 _aHeidelberg, Germany
_bSpringer Nature
_c2024
440 _aCommunications in Computer and Information Science
650 _aComputer Science
700 _aPaolo Scala
856 _uhttps://link.springer.com/openurl?genre=book&isbn=978-3-031-68438-8
942 _cEB
_2ddc
999 _c57005
_d57005